00365nam a2200145Ia 4500008004100000020001800041041000800059082001700067100001300084245003200097260003400129300000800163365001600171700003200187230718s9999 xx 000 0 und d a9788173811555 aeng a621.902bSEN aSen G.C. aPrinciples Of Machine Tools c2015bNew Central Book Agency a954 cRs.b535.00 aSen G.C. & Bhattacharyya A.